Top 20 countries by solar power capacity - Statistics

General Stats
  • This quiz has been taken 24 times
  • The average score is 17 of 20
Answer Stats
Hint Answer % Correct
37,449 MW Brazil
100%
609,921 MW China
100%
81,739 MW Germany
95%
73,109 MW India
95%
89,077 MW Japan
95%
31,016 MW Spain
95%
139,205 MW United States of America
95%
20,551 MW France
91%
29,795 MW Italy
91%
10,910 MW Mexico
91%
32,612 MW Australia
86%
15,919 MW United Kingdom
86%
23,904 MW Netherlands
82%
15,809 MW Poland
82%
23,493 MW South Korea
82%
11,293 MW Turkey
82%
8,898 MW Chile
68%
8,549 MW Belgium
59%
12,418 MW Taiwan
45%
17,077 MW Vietnam
36%
No matching quizzes found
Score Distribution
Percent of People with Each Score
Percentile by Number Answered
Your Score History
You have not taken this quiz